| 000 | 01166cam a2200241 4500 | ||
|---|---|---|---|
| 001 | ABS63679 | ||
| 008 | 000000n2001 000 0 eng u | ||
| 035 | _a(Sirsi) u111461 | ||
| 100 | _aRogers, D. | ||
| 245 | _aAdjudication: what's the verdict? | ||
| 260 | _c2001 | ||
| 490 |
_aBuilding _v266(8171) 2 March 2001, 48-51(4) |
||
| 520 | _aLooks at the success and fairness of adjudication. A number of recent surveys indicate that adjudication is generally effective, but many in the industry feel the process is unfair and unreliable, and there is no effective appeal against a decision. Focuses on, and discusses, the findings of three surveys conducted by Masons solicitors, James R Knowles and Lee Crowder. Diagrams. | ||
| 590 | _aABS | ||
| 650 | _aSURVEYS | ||
| 650 | _aMANAGEMENT-DISPUTE AVOIDANCE, MANAGEMENT AND RESOLUTION-DISPUTE MANAGEMENT AND RESOLUTION-ALTERNATIVE DISPUTE RESOLUTION-ADJUDICATION | ||
| 650 | _aMASONS | ||
| 650 | _aJAMES R KNOWLES | ||
| 650 | _aLEE CROWDER | ||
| 650 | _aALTERNATIVE DISPUTE RESOLUTION | ||
| 690 | _aMANGEMENT-DISPUTE AVOIDANCE, MANAGEMENT AND RESOLUTION-DISPUTE MANAGEMENT AND RESOLUTION | ||
| 942 | _n0 | ||
| 999 |
_c66415 _d66415 |
||